000 00460ntaaa2200181 4500
003 01
005 20251027203030.0
008 0714s1973 ag 01
040 _aAR-BaBN
_bspa
_cAR-BaBN
_eaacr
_dRIC
082 _a132.0000 L699
100 _aLichtenstein, P.M
_931373
245 _aLos fundamentos de la psiquiatría
250 _a1 ed.
260 _aBuenos Aires :
_bAmericalee,
_cs/f
300 _as/p
650 _aPsicologia patologica
_97519
942 _cBK
999 _c25683
_d25683